Tempo Para Tudo (Registo nº 15661)

Detalhes MARC
000 -Etiqueta do registo
Valores 00660nam a22002171i 4500
090 ## -
-- 15661
010 ## - Número ISBN
ISBN 9789728162757
100 ## - Dados gerais de processamento
Dados gerais 20170304u u u0frey50 ba
101 1# - Língua de publicação
-- por
-- eng
200 1# - Titulo e menção de responsabilidade
Primeira menção de responsabilidade Mark Greener
Título próprio Tempo Para Tudo
Informação de outro título Organização e Gestão Pessoal
215 ## - Descrição física 
Paginação / Volumes 188[4]p
Dimensões 24 cm
210 ## - Publicação
Nome do editor Deco Pro Teste
Local de publicação Lisboa
Data de publicação 2004
225 2# - Colecção 
Título próprio da colecção Guias práticos
410 #0 -
-- Guias práticos
676 ## -
-- 159.923
702 #1 - Autor secundário (pessoa individual)
Apelido Mendes
Nome João
-- 540
700 #1 - Autor principal (pessoa individual)
Apelido Greener
Nome Mark
-- 070
701 #1 - Co-autor principal (pessoa individual)
Apelido Lemos
Nome Alexandra
-- 730
996 ## - ISO2709
-- 0019484
-- 159.9 GRE
-- 00000000
-- 00000000
-- BMVA
-- 1
-- Viana do Alentejo
-- Psicologia
-- 25
-- Livro
-- 0
-- 1
990 ## - Elementos KOHA
Tipo de documento Livro
995 ## - Localização e informação dos exemplares
-- 25
Exemplares
Situação do levantamento Estado Biblioteca de origem Biblioteca de empréstimo Localização na Estante Código de barras Cota Permissão de empréstimo Tipo de documento
  Completo Biblioteca Municipal de Viana Do Alentejo Biblioteca Municipal de Viana Do Alentejo   0021357 159.9 GRE Disponível Livro




Powered by Koha